Lead times (Record no. 63859)

MARC details
000 -LEADER
fixed length control field 00702cam a2200229 4500
001 - CONTROL NUMBER
control field ABS62422
008 - FIXED-LENGTH DATA ELEMENTS--GENERAL INFORMATION
fixed length control field 000000n2000 000 0 eng u
035 ## - SYSTEM CONTROL NUMBER
System control number (Sirsi) u106658
110 ## - MAIN ENTRY--CORPORATE NAME
Corporate name or jurisdiction name as entry element Mace
9 (RLIN) 462
245 ## - TITLE STATEMENT
Title Lead times
260 ## - PUBLICATION, DISTRIBUTION, ETC.
Date of publication, distribution, etc. 2000
490 ## - SERIES STATEMENT
Series statement Building
Volume/sequential designation 265(8139) 2 June 2000, 56-59(4)
520 ## - SUMMARY, ETC.
Summary, etc. Mace follows the lead times of 38 works packages, and Gardiner and Theobald analyse the reinforced concrete piling market. Graphs.
590 ## - LOCAL NOTE (RLIN)
Local note ABS
650 ## - SUBJECT ADDED ENTRY--TOPICAL TERM
Topical term or geographic name entry element MACE
650 ## - SUBJECT ADDED ENTRY--TOPICAL TERM
Topical term or geographic name entry element GARDINER & THEOBALD
650 ## - SUBJECT ADDED ENTRY--TOPICAL TERM
Topical term or geographic name entry element REINFORCED CONCRETE PILING
650 ## - SUBJECT ADDED ENTRY--TOPICAL TERM
Topical term or geographic name entry element LEAD TIMES
690 ## - LOCAL SUBJECT ADDED ENTRY--TOPICAL TERM (OCLC, RLIN)
Topical term or geographic name as entry element BUILT ENVIRONMENT-CONSTRUCTION MARKET
710 ## - ADDED ENTRY--CORPORATE NAME
Corporate name or jurisdiction name as entry element Gardiner and Theobald
9 (RLIN) 719
942 ## - ADDED ENTRY ELEMENTS (KOHA)
Suppress in OPAC 0
Holdings
Withdrawn status Lost status Source of classification or shelving scheme Damaged status Not for loan Home library Current library Shelving location Date acquired Total Checkouts Full call number Barcode Date last seen Copy number Price effective from Koha item type
    Dewey Decimal Classification     London London Journal article 22/06/2000   ABS62422 106658-1001 06/08/2019 1 06/08/2019 Journal article